El arpa y la sombra /

Guardado en:
Autor Principal: Carpentier, Alejo
Formato: Libro
Publicado: Buenos Aires : Seix Barral, 1997
Series:Biblioteca Breve
Materias:
Etiquetas: Agregar Etiqueta
Sin Etiquetas, Sea el primero en etiquetar este registro!
LEADER 00563nam a22002055a 4500
001 CEM.cems014108
005 20130925155503.0
008 130507s1997##################000#0#####d
003 CEMS
020 |a 9507311874 
082 0 4 |a Cu863.4 
100 1 |a Carpentier, Alejo 
245 1 0 |a El arpa y la sombra /  |c Alejo Carpentier 
260 |a Buenos Aires :  |b Seix Barral,  |c 1997 
300 |a 187 p. 
490 0 |a Biblioteca Breve 
653 |a Literatura cubana 
653 |a Novela 
653 |a Narración 
859 |a CEMS  |b BIB. CEMS - 11 de abril  |h Cu863.4  |i C225-1  |p 26727.13  |t Ej.1